Gandhi the man (Record no. 38688)

MARC details
000 -LEADER
fixed length control field 00293nam a2200121Ia 4500
082 ## - DEWEY DECIMAL CLASSIFICATION NUMBER
Classification number 929A/Z(GAN)
Item number EAS
100 ## - MAIN ENTRY--AUTHOR NAME
Personal name Easwaran, Eknath
245 #0 - TITLE STATEMENT
Title Gandhi the man
250 ## - EDITION STATEMENT
Edition statement Ed.2
260 ## - PUBLICATION, DISTRIBUTION, ETC. (IMPRINT)
Place of publication Wellingborough
Name of publisher Turnstone
Year of publication 1983
942 ## - ADDED ENTRY ELEMENTS (KOHA)
Koha item type Books
Holdings
Withdrawn status Lost status Damaged status Not for loan Home library Current library Date acquired Cost, normal purchase price Full call number Accession Number Koha item type
        RRII Library RRII Library 16/12/2021 91.05 929A/Z(GAN) EAS 19041 Books